[Event "2023 African Individual Junior Chess Championships (Open)"]
[Site "Nouakchott"]
[Date "2023.12.07"]
[Round "4"]
[Board "4"]
[White "Alhassadi, Yousef A."]
[Black "Hallal, Tarik"]
[Result "0-1"]
[WhiteElo "2079"]
[BlackElo "1868"]
[PlyCount "0"]
[EventDate "2023.12.05"]
[EventRounds "9"]
[EventCountry "MTN"]

1. e4 c5 2. c3 Nf6 3. e5 Nd5 4. Nf3 d6 5. exd6 Qxd6 6. d4 cxd4 7. Nxd4 e6 8. Qf3
Be7 9. Bd3 Nc6 10. Nxc6 bxc6 11. O-O O-O 12. Nd2 Qc7 13. Re1 Bb7 14. Ne4 e5 15. Ng3
g6 16. Bh6 Rfe8 17. Bc4 Bf8 18. Bxf8 Rxf8 19. Ne4 Nb6 20. Bb3 c5 21. Qf6 c4 22. Bc2
Rad8 23. Ng3 Rfe8 24. Rad1 Nd5 25. Qh4 Kg7 26. Qg5 Kh8 27. Ne4 f5 28. Nf6 Qe7 29.
Rxd5 Bxd5 30. f4 Qc5+ 31. Kf1 Re7 32. fxe5 Be4 33. Bxe4 fxe4 34. Rxe4 Rd1+ 35. Ke2
Qg1 36. Kf3 Qf1+ 37. Kg3 Rd3+ 38. Re3 Qf5 39. Qxf5 gxf5 40. Kf4 Rxe3 41. Kxe3 Rxe5+
42. Kd4 Re2 43. Kxc4 Rxg2 44. b4 Kg7 45. Nd5 Rxh2 46. a4 h5 47. Ne7 Kf6 48. Nc6 Rf2
49. a5 h4 50. b5 h3 51. b6 axb6 52. axb6 h2 53. b7 h1=Q  0-1

[Event "2023 African Individual Junior Chess Championships (Open)"]
[Site "Nouakchott"]
[Date "2023.12.07"]
[Round "4"]
[Board "5"]
[White "Abdellahi, Khaled Abdellahi"]
[Black "Olisa, Tennyson Ewomazino"]
[Result "0-1"]
[WhiteElo "1869"]
[BlackElo "2209"]
[PlyCount "0"]
[EventDate "2023.12.05"]
[EventRounds "9"]
[EventCountry "MTN"]

1. d4 Nf6 2. Bf4 d5 3. e3 c5 4. c3 Nc6 5. Nd2 Qb6 6. Qb3 c4 7. Qc2 Nh5 8. Bg3 Nxg3
9. hxg3 e5 10. e4 exd4 11. exd5 d3 12. Nxc4 dxc2 13. Nxb6 axb6 14. dxc6 Rxa2 15.
Rc1 Rxb2 16. cxb7 Bxb7 17. Kd2 Bc5 18. Nh3 O-O 19. Rxc2 Rd8+ 20. Bd3 Rb3 21. Ke2
Bxg2 22. Bc4 Ra3 23. Rh2 Re8+ 24. Kd2 Rd8+ 25. Kc1 Be4 26. Ng5 Bg6 27. Kb2 h6 28.
Nf3 Bxc2 29. Kxc2 b5 30. Bxb5 Ra2+ 31. Kb3 Rxf2 32. Rxf2 Bxf2 33. g4 g6 34. Bc4 Kg7
35. Ne5 f6 36. Nd3 Be3 37. Nb4 Rd2 38. Nc6 Bc5 39. Ba6  0-1

[Event "2023 African Individual Junior Chess Championships (Open)"]
[Site "Nouakchott"]
[Date "2023.12.07"]
[Round "4"]
[Board "7"]
[White "Kweiri, Tawfik Ezzeddin"]
[Black "Abdou, Abdellahi Ahmed Alem"]
[Result "0-1"]
[WhiteElo "1792"]
[BlackElo "1795"]
[PlyCount "0"]
[EventDate "2023.12.05"]
[EventRounds "9"]
[EventCountry "MTN"]

1. e4 c5 2. Nf3 d6 3. d4 cxd4 4. Nxd4 Nf6 5. Nc3 g6 6. f3 Bg7 7. Be3 a6 8. Qd2 Nbd7
9. g4 b5 10. Nc6 Qc7 11. Nxe7 Bb7 12. Ned5 Nxd5 13. Nxd5 Bxd5 14. Qxd5 O-O 15. O-O-O
Rac8 16. Rd2 Bxb2+ 17. Kxb2 Qc3+ 18. Kb1 Qxe3 19. Qxd6 Nc5 20. Bg2 Na4 21. Rd3 Qe2
22. Rd2 Qc4 23. Qa3 Qe6 24. Rd3 Nc5 25. Rd5 Na4 26. Rd3 Qe5 27. f4 Nc3+ 28. Ka1 Qxf4
29. Rxc3 Qe5 30. Rd1 Rxc3 31. Qb2 Rfc8 32. Rd3 Qxh2 33. Rxc3 Qg1+ 34. Qb1 Qxb1+ 35.
Kxb1 Rc7 36. Rc5 Rxc5 37. e5 Rc3 38. Bf1 a5 39. Bd3 b4  0-1

[Event "2023 African Individual Junior Chess Championships (Open)"]
[Site "Nouakchott"]
[Date "2023.12.07"]
[Round "4"]
[Board "8"]
[White "Ahmed, Cherif Khaled Abdellahi"]
[Black "Junior, Domingos"]
[Result "0-1"]
[WhiteElo "1430"]
[BlackElo "2142"]
[PlyCount "0"]
[EventDate "2023.12.05"]
[EventRounds "9"]
[EventCountry "MTN"]

1. e4 c6 2. d4 d5 3. exd5 cxd5 4. Bd3 Nc6 5. c3 Nf6 6. Bf4 Bg4 7. Qb3 Qd7 8. Nd2
e6 9. Ngf3 Be7 10. h3 Bh5 11. O-O O-O 12. Rfe1 a6 13. Rac1 Bd6 14. Bxd6 Qxd6 15.
Ne5 Nd7 16. Nxd7 Qxd7 17. Qc2 Bg6 18. Bxg6 hxg6 19. Nf3 Rac8 20. Qe2 Qd8 21. Ne5
Qa5 22. Nxc6 Rxc6 23. Ra1 b5 24. a3 Qb6 25. Rec1 Rfc8 26. Qe3 a5 27. b4 Qc7 28. Ra2
axb4 29. axb4 Rxc3 30. Rxc3 Qxc3 31. Qxc3 Rxc3 32. Ra5 Rc1+ 33. Kh2 Rd1 34. Rxb5
Rxd4 35. Rb7 e5 36. b5 Rd2 37. Kg1 Rd1+ 38. Kh2 d4 39. Re7 f6 40. b6 Rb1 41. b7 Kh7
42. f3 Rb3 43. Kg1 Kh6 44. Kf2 Kg5 45. Rxg7 f5 46. h4+ Kxh4 47. Rxg6 Rb2+ 48. Ke1
Rxb7 49. Re6 Rb5 50. Kf2 Rd5 51. g3+ Kg5 52. Ke2 Ra5 53. Re8 Ra2+ 54. Kd3 Ra3+ 55.
Ke2 Kf6 56. Rf8+ Ke6 57. Re8+ Kd6 58. Rd8+ Ke7 59. Rd5 Ke6 60. Rd8 Ra2+ 61. Kf1 Rd2
62. Re8+ Kd6 63. Rd8+ Ke7 64. Rd5 Ke6 65. Rd8 e4 66. fxe4 fxe4 67. Ke1 e3 68. g4
Ke5 69. g5 Rg2 70. Re8+ Kf4 71. Rf8+ Ke4 72. Kf1 Rxg5  0-1

[Event "2023 African Individual Junior Chess Championships (Open)"]
[Site "Nouakchott"]
[Date "2023.12.08"]
[Round "5"]
[Board "1"]
[White "Mhango, Banele"]
[Black "Wafa, Hamed"]
[Result "1/2-1/2"]
[WhiteElo "2248"]
[BlackElo "2325"]
[PlyCount "0"]
[EventDate "2023.12.05"]
[EventRounds "9"]
[EventCountry "MTN"]

1. d4 Nf6 2. c4 e6 3. Nc3 Bb4 4. f3 O-O 5. e4 d5 6. cxd5 exd5 7. e5 Nfd7 8. f4 c5
9. a3 Ba5 10. Nf3 Nc6 11. Be3 cxd4 12. Nxd4 Bb6 13. g3 Nc5 14. Bg2 Ne6 15. Nxe6 Bxe6
16. Bxb6 Qxb6 17. Na4 Qa6 18. b4 Rac8 19. Bf1 b5 20. Nc5 Qb6 21. Qd3 a6 22. Be2 g6
23. O-O Nb8 24. Qd4 Nd7 25. Rac1 Rc6 26. g4 f5 27. gxf5 gxf5 28. Bf3 Nxc5 29. Rxc5
Rxc5 30. bxc5 Qc6 31. Rd1 Rd8 32. Kf2 Kh8 33. a4 h6 34. axb5 axb5 35. Ra1 Ra8 36.
Rxa8+ Qxa8 37. Be2 Qd8 38. c6 Qh4+ 39. Kg2 Qe1 40. Bxb5 Qb1 41. Qc5 Qe4+ 42. Kg3
d4 43. Qf8+ Kh7 44. Qe7+ Kh8 45. Qf6+ Kh7 46. Qe7+ Kh8 47. Qxe6 Qe3+ 48. Kg2 Qd2+
49. Kf1 Qc1+ 50. Ke2 Qc2+ 51. Kf1 Qc1+ 52. Kf2 Qe3+  1/2-1/2

[Event "2023 African Individual Junior Chess Championships (Open)"]
[Site "Nouakchott"]
[Date "2023.12.08"]
[Round "5"]
[Board "2"]
[White "Hallal, Tarik"]
[Black "Fates, Omer Salah"]
[Result "1-0"]
[WhiteElo "1868"]
[BlackElo "1760"]
[PlyCount "0"]
[EventDate "2023.12.05"]
[EventRounds "9"]
[EventCountry "MTN"]

1. e4 e6 2. d4 d5 3. Nc3 Bb4 4. e5 c5 5. a3 Bxc3+ 6. bxc3 Ne7 7. a4 Qa5 8. Qd2 Nbc6
9. Nf3 Bd7 10. Be2 Rc8 11. Ba3 cxd4 12. cxd4 Qxd2+ 13. Kxd2 Nf5 14. c3 Na5 15. Rhb1
a6 16. Bb4 Nc4+ 17. Bxc4 dxc4 18. Bc5 Bc6 19. Rb4 f6 20. Rab1 Bd5 21. Rxb7 Bxb7 22.
Rxb7 h5 23. g3 Rd8 24. Bb6 Rc8 25. h3 Rg8 26. Bc5 Rc6 27. g4 hxg4 28. hxg4 Nh6 29.
g5 Ng4 30. Rb8+ Kf7 31. g6+ Kxg6 32. Rxg8 fxe5 33. Rf8  1-0

[Event "2023 African Individual Junior Chess Championships (Open)"]
[Site "Nouakchott"]
[Date "2023.12.08"]
[Round "5"]
[Board "3"]
[White "Simpson, Michael"]
[Black "Olisa, Tennyson Ewomazino"]
[Result "1/2-1/2"]
[WhiteElo "2093"]
[BlackElo "2209"]
[PlyCount "0"]
[EventDate "2023.12.05"]
[EventRounds "9"]
[EventCountry "MTN"]

1. d4 Nf6 2. c4 e6 3. Nc3 Bb4 4. e3 O-O 5. Bd3 d5 6. Nf3 b6 7. O-O Bb7 8. cxd5 exd5
9. Ne5 Nbd7 10. f4 c5 11. Qf3 cxd4 12. exd4 Bxc3 13. bxc3 Ne4 14. Ba3 Re8 15. Qh5
g6 16. Qh6 Nxe5 17. dxe5 Qc7 18. Bxe4 dxe4 19. f5 gxf5 20. Rxf5 Re6 21. Rg5+ Rg6
22. Rf1 Bd5 23. Bd6 Qxc3 24. Rxg6+ hxg6 25. Be7 Qd4+ 26. Kh1 e3 27. Bf6 Bxg2+ 28.
Kg1 e2+ 29. Kxg2 Qg4+ 30. Kf2 exf1=Q+ 31. Kxf1 Qf3+ 32. Kg1 Qd1+ 33. Kf2 Qc2+ 34.
Kg1  1/2-1/2

[Event "2023 African Individual Junior Chess Championships (Open)"]
[Site "Nouakchott"]
[Date "2023.12.08"]
[Round "5"]
[Board "5"]
[White "Junior, Domingos"]
[Black "Med, Elmoctar Sidatty Sidaty"]
[Result "1-0"]
[WhiteElo "2142"]
[BlackElo "1708"]
[PlyCount "0"]
[EventDate "2023.12.05"]
[EventRounds "9"]
[EventCountry "MTN"]

1. e4 c6 2. d4 d5 3. exd5 cxd5 4. Nf3 Nf6 5. Ne5 Nbd7 6. Bd3 e6 7. O-O g6 8. Qe2
Bg7 9. Nd2 Nxe5 10. dxe5 Nd7 11. Nf3 O-O 12. c3 Qc7 13. Bf4 a6 14. a4 Nc5 15. Bc2
b6 16. b4 Nd7 17. Rac1 Bb7 18. h4 Rae8 19. h5 Qd8 20. Ng5 f5 21. hxg6 hxg6 22. Nf3
Rf7 23. Bd3 Qa8 24. Qe3 Bc6 25. Nd4 Bb7 26. Qg3 Nf8 27. Nf3 Rc7 28. Be3 Rec8 29.
Bd4 Bc6 30. Bxb6 Rb7 31. a5 Rxb6 32. axb6 Bb5 33. Bxb5 axb5 34. Nd4 Qa6 35. f4 Qxb6
36. Qd3 Rc4 37. Ra1 g5 38. g3 Qd8 39. Nxb5 gxf4 40. Nd6 Re4 41. gxf4 Rxf4 42. Rxf4
Qg5+ 43. Kh1 Qh6+ 44. Kg2 Qxf4 45. Qf3 Qd2+ 46. Kh1 Qh6+ 47. Kg1 Bxe5 48. Qg2+ Kh7
49. Ra7+ Bg7 50. Ne8 Qe3+ 51. Qf2 Qc1+ 52. Kh2 Qh6+ 53. Kg2  1-0

[Event "2023 African Individual Junior Chess Championships (Open)"]
[Site "Nouakchott"]
[Date "2023.12.08"]
[Round "5"]
[Board "7"]
[White "George Samir, David"]
[Black "Abderrahmane, Tolba"]
[Result "1-0"]
[WhiteElo "1903"]
[BlackElo "1655"]
[PlyCount "0"]
[EventDate "2023.12.05"]
[EventRounds "9"]
[EventCountry "MTN"]

1. e4 e5 2. Nf3 Nc6 3. Bb5 Nf6 4. O-O d6 5. d4 exd4 6. Nxd4 Bd7 7. Bxc6 bxc6 8. Nc3
g6 9. Re1 Be7 10. Bh6 Ng4 11. Nxc6 Bxc6 12. Qxg4 Bd7 13. Qf4 g5 14. Qg3 c6 15. f4
g4 16. f5 Bh4 17. Qxd6 Bxe1 18. Qe5+ Be6 19. Qxh8+ Ke7 20. Bg5+  1-0

[Event "2023 African Individual Junior Chess Championships (Open)"]
[Site "Nouakchott"]
[Date "2023.12.08"]
[Round "5"]
[Board "8"]
[White "Ahmed, Cherif Khaled Abdellahi"]
[Black "Abdellahi, Khaled Abdellahi"]
[Result "0-1"]
[WhiteElo "1430"]
[BlackElo "1869"]
[PlyCount "0"]
[EventDate "2023.12.05"]
[EventRounds "9"]
[EventCountry "MTN"]

1. e4 c5 2. Nf3 Nc6 3. Bb5 g6 4. O-O Bg7 5. d3 e5 6. Bxc6 dxc6 7. Be3 b6 8. Nc3 Ne7
9. h3 O-O 10. Qd2 f6 11. Bh6 g5 12. Bxg7 Kxg7 13. Nh2 Ng6 14. Ne2 h5 15. a4 a5 16.
f3 Be6 17. c3 Qd7 18. c4 Bxc4  0-1

[Event "2023 African Individual Junior Chess Championships (Open)"]
[Site "Nouakchott"]
[Date "2023.12.08"]
[Round "6"]
[Board "2"]
[White "Hallal, Tarik"]
[Black "Mhango, Banele"]
[Result "1-0"]
[WhiteElo "1868"]
[BlackElo "2248"]
[PlyCount "0"]
[EventDate "2023.12.05"]
[EventRounds "9"]
[EventCountry "MTN"]

1. e4 c5 2. Nf3 d6 3. d4 cxd4 4. Nxd4 Nf6 5. Nc3 a6 6. Bg5 e6 7. f4 Be7 8. Qf3 Qc7
9. O-O-O Nbd7 10. Bd3 h6 11. Bh4 g5 12. fxg5 Ne5 13. Qe2 Nfg4 14. Bg3 hxg5 15. Rhf1
Bd7 16. Kb1 O-O-O 17. Nf5 Bf8 18. Ne3 Nh6 19. h4 gxh4 20. Bxh4 Re8 21. g4 Bg7 22.
Bg3 f6 23. Bxe5 fxe5 24. g5 Ng8 25. Rf7 Re7 26. Qf2 Be8 27. Rxe7 Nxe7 28. Be2 Kb8
29. Bg4 Nc6 30. Bxe6 Qe7 31. Nf5 Qxg5 32. Rg1 Qf6 33. Nd5 Qxe6 34. Rxg7 Rh1+ 35.
Rg1 Rxg1+ 36. Qxg1 Bg6 37. Nde3 Qf6 38. a3 Bf7 39. Qd1 Kc7 40. b3 Ne7 41. Qd3 Nc8
42. Qc3+ Kb8 43. Qb4 Bg8 44. Kb2 Kc7 45. a4 Bf7 46. a5 Be6 47. c4 Qf8 48. Ka2 Kb8
49. Kb2 Kc7 50. c5 d5 51. exd5 Bxf5 52. d6+ Kc6 53. Qa4+ Kxc5 54. Qc4+ Kd5  1-0

[Event "2023 African Individual Junior Chess Championships (Open)"]
[Site "Nouakchott"]
[Date "2023.12.08"]
[Round "6"]
[Board "4"]
[White "Olisa, Tennyson Ewomazino"]
[Black "George Samir, David"]
[Result "0-1"]
[WhiteElo "2209"]
[BlackElo "1903"]
[PlyCount "0"]
[EventDate "2023.12.05"]
[EventRounds "9"]
[EventCountry "MTN"]

1. c4 e6 2. Nf3 d5 3. e3 c5 4. cxd5 exd5 5. d4 Nf6 6. Be2 Nc6 7. O-O Bd6 8. b3 O-O
9. Bb2 Be6 10. dxc5 Bxc5 11. Nc3 a6 12. Rc1 Ba7 13. Na4 Ne4 14. Nd4 Qd6 15. Bf3 Ne5
16. Nxe6 Qxe6 17. Be2 Rac8 18. Rxc8 Rxc8 19. Qa1 Rc2 20. Bd1 Rxf2 21. Rxf2 Bxe3 22.
Bd4 Bxf2+ 23. Bxf2 Nxf2 24. Be2 Ne4 25. Qd4 Qf6 26. Qe3 g6 27. Nb6 Ng4  0-1

[Event "2023 African Individual Junior Chess Championships (Open)"]
[Site "Nouakchott"]
[Date "2023.12.08"]
[Round "6"]
[Board "5"]
[White "Alhassadi, Yousef A."]
[Black "Junior, Domingos"]
[Result "0-1"]
[WhiteElo "2079"]
[BlackElo "2142"]
[PlyCount "0"]
[EventDate "2023.12.05"]
[EventRounds "9"]
[EventCountry "MTN"]

1. e4 c6 2. Nf3 d5 3. exd5 cxd5 4. Ne5 Nd7 5. Bb5 a6 6. Bxd7+ Bxd7 7. O-O Nf6 8.
d4 e6 9. c3 Qc7 10. Bf4 Bd6 11. Nd2 O-O 12. Re1 Bc6 13. Rc1 b5 14. Bg3 Rac8 15. Nd3
Bxg3 16. hxg3 a5 17. Nb3 Qb6 18. Nbc5 Rfe8 19. f3 Re7 20. Qd2 Ne8 21. Qg5 Qd8 22.
Kf2 h6 23. Qf4 Qc7 24. Ne5 Nd6 25. b3 Be8 26. Re2 f6 27. Ned3 Bf7 28. Rce1 Rce8 29.
g4 Qb6 30. Kg3 Qb8 31. Kh3 Bg6 32. Qd2 Qc8 33. Nf4 Kf7 34. Ncxe6 h5 35. Ng5+ fxg5
36. Rxe7+ Rxe7 37. Rxe7+ Kxe7 38. Nxg6+ Kf6 39. Ne5 hxg4+ 40. Nxg4+ Kg6 41. Qd3+
Nf5 42. Ne3 Qh8+  0-1

[Event "2023 African Individual Junior Chess Championships (Open)"]
[Site "Nouakchott"]
[Date "2023.12.08"]
[Round "6"]
[Board "6"]
[White "Abdellahi, Khaled Abdellahi"]
[Black "Abdou, Abdellahi Ahmed Alem"]
[Result "0-1"]
[WhiteElo "1869"]
[BlackElo "1795"]
[PlyCount "0"]
[EventDate "2023.12.05"]
[EventRounds "9"]
[EventCountry "MTN"]

1. d4 Nf6 2. Bf4 e6 3. e3 c5 4. c3 b6 5. Nf3 Bb7 6. Nbd2 Be7 7. h3 Nc6 8. Bd3 O-O
9. O-O d5 10. Bh2 Bd6 11. Ne5 Bxe5 12. dxe5 Nd7 13. f4 d4 14. Nf3 f5 15. Bc4 Re8
16. exd4 cxd4 17. cxd4 Na5 18. Be2 Bd5 19. Qa4 a6 20. Bg3 b5 21. Qb4 Qb6 22. Rfd1
Rac8 23. b3 Nc6 24. Qd2 Rc7 25. Ne1 Rec8 26. Bf2 Ne7 27. Rac1 Be4 28. Bf3 Bxf3 29.
Nxf3 Nd5  0-1

[Event "2023 African Individual Junior Chess Championships (Open)"]
[Site "Nouakchott"]
[Date "2023.12.08"]
[Round "6"]
[Board "7"]
[White "Med, Elmoctar Sidatty Sidaty"]
[Black "Kweiri, Tawfik Ezzeddin"]
[Result "0-1"]
[WhiteElo "1708"]
[BlackElo "1792"]
[PlyCount "0"]
[EventDate "2023.12.05"]
[EventRounds "9"]
[EventCountry "MTN"]

1. d4 Nf6 2. c4 e6 3. Nf3 d5 4. Nc3 Be7 5. Bg5 Nbd7 6. e3 O-O 7. Rc1 h6 8. Bxf6 Nxf6
9. Bd3 c5 10. O-O cxd4 11. exd4 dxc4 12. Bxc4 Nd5 13. Re1 Bf6 14. Ne4 b6 15. Bxd5
exd5 16. Nxf6+ Qxf6 17. Ne5 Be6 18. Qa4 Rfc8 19. b4 Qf4 20. Nc6 Kh8 21. b5 Bd7 22.
Rc3 a6 23. bxa6 Qd2 24. Rec1 Bxc6 25. Rxc6 Qxc1+  0-1

[Event "2023 African Individual Junior Chess Championships (Open)"]
[Site "Nouakchott"]
[Date "2023.12.10"]
[Round "8"]
[Board "1"]
[White "Olisa, Tennyson Ewomazino"]
[Black "Wafa, Hamed"]
[Result "0-1"]
[WhiteElo "2209"]
[BlackElo "2325"]
[PlyCount "0"]
[EventDate "2023.12.05"]
[EventRounds "9"]
[EventCountry "MTN"]

1. e4 e5 2. Nf3 Nc6 3. Bc4 Bc5 4. c3 Nf6 5. d3 O-O 6. Nbd2 d6 7. h3 a6 8. Bb3 Ba7
9. O-O h6 10. Re1 Be6 11. Bc2 Ne7 12. Nf1 Ng6 13. Be3 Bxe3 14. Rxe3 c5 15. d4 b5
16. Qe1 Qc7 17. d5 Bd7 18. N3h2 Nh5 19. Ng3 Nf6 20. Bd1 Qc8 21. Bf3 a5 22. Qd1 Nf4
23. Bg4 Nxg4 24. hxg4 g6 25. Ngf1 c4 26. Rg3 Kg7 27. Ne3 Rh8 28. b3 cxb3 29. axb3
h5 30. gxh5 Rxh5 31. c4 bxc4 32. bxc4 Qc5 33. Qd2 Rah8 34. Nef1 Qxc4 35. Re3 a4 36.
Rc1 Qd4 37. Qa2 Bb5 38. g3 Bxf1  0-1

[Event "2023 African Individual Junior Chess Championships (Open)"]
[Site "Nouakchott"]
[Date "2023.12.10"]
[Round "8"]
[Board "2"]
[White "George Samir, David"]
[Black "Hallal, Tarik"]
[Result "1/2-1/2"]
[WhiteElo "1903"]
[BlackElo "1868"]
[PlyCount "0"]
[EventDate "2023.12.05"]
[EventRounds "9"]
[EventCountry "MTN"]

1. e4 c5 2. Nf3 d6 3. d4 cxd4 4. Nxd4 Nf6 5. Nc3 a6 6. Bg5 e6 7. f4 b5 8. e5 dxe5
9. fxe5 Qc7 10. Qe2 Nfd7 11. O-O-O Nc6 12. Nxc6 Qxc6 13. Ne4 Bb7 14. Nd6+ Bxd6 15.
Rxd6 Qc5 16. Bf4 Rc8 17. Qd2 Be4 18. Bd3 Bxd3 19. Qxd3 Nxe5 20. Bxe5 Qxe5 21. Rxa6
Rd8 22. Qa3 Qd4 23. Qf3 O-O 24. Rd1 Qe5 25. g3 h6 26. Ra3 Qg5+ 27. Kb1 Rd2 28. h4
Rxd1+ 29. Qxd1 Qe5 30. Rd3 Kh7 31. a3 Rc8 32. Rd7 f5 33. Qd3 Rc4 34. Rb7 Rd4 35.
Qxb5 Qxg3 36. Re7 Qd6 37. Qb7 Rg4 38. Rc7 Qe5 39. Qc6 Rxh4 40. Re7 Qd5 41. Qxd5 exd5
42. Rf7 Rf4 43. b4 h5 44. b5 h4 45. b6 h3 46. b7 h2 47. b8=Q h1=Q+ 48. Kb2 Qe4 49.
Rf8 Qd4+ 50. Ka2 Kg6 51. Rh8 Qe4 52. Qd6+ Kg5 53. Qd8+ Kg4 54. Qh4+ Kf3 55. Qh5+
Ke3 56. Re8 Kf2 57. Rxe4 dxe4 58. Qh2 Kf3 59. Qg1 e3 60. Qf1+ Kg3 61. Qe2 Re4 62.
Qe1+ Kg2 63. Qe2 Kg3 64. Qe1+ Kg2 65. c4 e2  1/2-1/2

[Event "2023 African Individual Junior Chess Championships (Open)"]
[Site "Nouakchott"]
[Date "2023.12.10"]
[Round "8"]
[Board "3"]
[White "Simpson, Michael"]
[Black "Mhango, Banele"]
[Result "1/2-1/2"]
[WhiteElo "2093"]
[BlackElo "2248"]
[PlyCount "0"]
[EventDate "2023.12.05"]
[EventRounds "9"]
[EventCountry "MTN"]

1. d4 Nf6 2. c4 g6 3. Nc3 Bg7 4. e4 d6 5. Nf3 O-O 6. Be2 e5 7. Be3 Ng4 8. Bg5 f6
9. Bc1 exd4 10. Nxd4 f5 11. h3 Ne5 12. exf5 gxf5 13. Nd5 c6 14. Nf4 Qe7 15. O-O a5
16. Be3 Na6 17. Qc2 Nc5 18. Rad1 a4 19. Rfe1 Bd7 20. b4 axb3 21. axb3 Ra3 22. Bc1
Ra1 23. b4 Ne4 24. Nb3 Raa8 25. f3 Ng3 26. Nd3 Qh4 27. f4 Ng6 28. Bf3 Rfe8 29. Qf2
Bc3 30. Rxe8+ Rxe8 31. Bd2 Bxd2 32. Rxd2 Ne4 33. Qxh4 Nxh4 34. Re2 Nxf3+  1/2-1/2

[Event "2023 African Individual Junior Chess Championships (Open)"]
[Site "Nouakchott"]
[Date "2023.12.10"]
[Round "8"]
[Board "5"]
[White "Junior, Domingos"]
[Black "Abdellahi, Khaled Abdellahi"]
[Result "1-0"]
[WhiteElo "2142"]
[BlackElo "1869"]
[PlyCount "0"]
[EventDate "2023.12.05"]
[EventRounds "9"]
[EventCountry "MTN"]

1. e4 c5 2. c3 Nf6 3. e5 Nd5 4. d4 cxd4 5. Nf3 Nc6 6. cxd4 d6 7. Bc4 Nb6 8. Bb5 dxe5
9. Nxe5 Bd7 10. Nxd7 Qxd7 11. O-O e6 12. Nc3 Be7 13. Qg4 O-O 14. Rd1 Rad8 15. Be3
Nd5 16. Bh6 Bf6 17. Bxc6 bxc6 18. Ne4 Qe7 19. Rac1 Kh8 20. Be3 Rc8 21. Rc5 Rfd8 22.
a3 Qb7 23. Qe2 Be7 24. Ra5 Rb8 25. b4 f5 26. Nc5 Bxc5 27. Rxc5 Qd7 28. Rdc1 Rb6 29.
Qc4 Ne7 30. Bg5 h6 31. Bxe7 Qxe7 32. Re5 Rd5 33. Rce1 Rd6 34. Rxf5 Rb8 35. Rfe5 Rbd8
36. Rxe6 Rxe6 37. Qxe6 Qxe6 38. Rxe6 Rxd4 39. Kf1 Rd1+ 40. Ke2 Ra1 41. Re3 Ra2+ 42.
Kf3 Kg8 43. g4 Kf7 44. Kg3 Rc2 45. f4 c5 46. bxc5 Rxc5 47. Kf3 Rc4 48. h3 Kf6 49.
h4 Ra4 50. Rc3 Kf7 51. Rc7+ Kf8 52. Rc3 Kf7 53. Kg3 Kf6 54. Rf3 Kf7 55. Kf2 Kf6 56.
Ke2 g6 57. Kf2 Kf7 58. Kg3 Kf6 59. Rc3 Kf7 60. Rc7+ Kf6 61. g5+ hxg5 62. hxg5+ Kf5
63. Rf7+ Ke4 64. Rf6 Rxa3+ 65. Kg4 Ra1 66. Re6+ Kd5 67. Rxg6 a5 68. Ra6 Ke4 69. Re6+
Kd5 70. Kf5 a4 71. g6 Rg1 72. Ra6  1-0

[Event "2023 African Individual Junior Chess Championships (Open)"]
[Site "Nouakchott"]
[Date "2023.12.10"]
[Round "8"]
[Board "6"]
[White "Kweiri, Tawfik Ezzeddin"]
[Black "Alhassadi, Yousef A."]
[Result "1/2-1/2"]
[WhiteElo "1792"]
[BlackElo "2079"]
[PlyCount "0"]
[EventDate "2023.12.05"]
[EventRounds "9"]
[EventCountry "MTN"]

1. e4 c5 2. Nf3 e6 3. d4 cxd4 4. Nxd4 Nf6 5. Nc3 Nc6 6. Nxc6 bxc6 7. Bd3 d5 8. O-O
Qc7 9. Qe2 Bd6 10. f4 O-O 11. Kh1 Be7 12. Rf3 dxe4 13. Nxe4 g6 14. Bd2 Nxe4 15. Bxe4
Bf6 16. Rc3 Bxc3 17. Bxc3 f6 18. Rf1 Bb7 19. Bd3 Rae8 20. Bc4 Kg7 21. Qg4 Qd6 22.
Rd1 Qe7 23. Re1  1/2-1/2

[Event "2023 African Individual Junior Chess Championships (Open)"]
[Site "Nouakchott"]
[Date "2023.12.10"]
[Round "8"]
[Board "8"]
[White "Abderrahmane, Tolba"]
[Black "Med, Elmoctar Sidatty Sidaty"]
[Result "0-1"]
[WhiteElo "1655"]
[BlackElo "1708"]
[PlyCount "0"]
[EventDate "2023.12.05"]
[EventRounds "9"]
[EventCountry "MTN"]

1. e4 c6 2. d4 d5 3. Nc3 dxe4 4. Nxe4 Nf6 5. Nxf6+ exf6 6. Bc4 Na6 7. Nf3 Nc7 8.
O-O Bd6 9. Re1+ Be6 10. c3 O-O 11. Bd3 b5 12. Qc2 g6 13. Bh6 Re8 14. Nh4 f5 15. Nf3
Qf6 16. Bg5 Qg7 17. Qd2 f6 18. Bh6 Qf7 19. h4 Bxa2 20. Rxe8+ Nxe8 21. g3 Bd5 22.
Ne1 Ng7 23. Ng2 Ne6 24. Ne3 Bf3 25. Nf1 f4 26. gxf4 Qc7 27. Qe3 Bd5 28. f5 gxf5 29.
Bxf5 Nf4 30. Ng3 Kh8 31. Re1 Rg8 32. Kh2 Ng2 33. Rg1 Nxe3 34. Bxe3 Bf4 35. Bc1 Bxc1
36. Rxc1 Qf4 37. Rg1  0-1